00366nam a2200145Ia 4500003000400000005001700004008004100021040000900062082002000071100002300091245004000114260004400154300000900198650001300207OSt20201215161432.0190216s9999||||xx |||||||||||||| ||und|| coclc a894.8124bNAR/A aNarayanan, Akavoor 0aArangaliyavar /cAkavoor Narayanan  bPoorna Publication, c1989.aKozhikode: a102p aLekhanam